000 01064 a2200277 4500
005 2008092508118.0
008 080925t xxu||||| |||| 00| 0 eng d
010 _aENG-91735
020 _a8125915311
_c375.00
020 _a9788125915317
_c375.00
035 _aEN-75268
037 _bDBAD / PUB
040 _adpl
_bEnglish
082 _a510.24658
100 _aAkhilesh, K.B.
245 _aMathematics and statistics for management /
_cby K.B. Akhilesh [and] S. Balasubrahmanyam
260 _aNew Delhi
_bVikas Publishing House
_c2008(repr.).
270 _a576, Masjid Road, Jangpura,
_bNew Delhi
_e110014
300 _axiv, 890p.
_c24cm (pbk )
500 _aIncludes bibliographical references
650 _aBusiness mathematics
650 _aManagement
_xMathematics
700 _aBalasubrahmanyam, S.
942 _adpl
_cEN
_2ddc
_mAKH
_h510.24658
999 _c18955
_d18955